[Event "TCh-RUS Women 2015"]
[Site "Sochi RUS"]
[Date "2015.05.03"]
[Round "3.5"]
[Board "1"]
[White "Sergeeva, Natalia"]
[Black "Utiatskaja, Irina"]
[Result "1-0"]
[BlackTitle "WFM"]
[WhiteElo "2079"]
[BlackElo "2114"]
[WhiteTeam "Kuban (Krasnodar region)"]
[BlackTeam "Academy GM IV Glek (Moscow)"]
[WhiteFideId "4117743"]
[BlackFideId "24140848"]
[EventDate "2015.05.01"]

1. e4 c5 2. Nf3 d6 3. d4 cxd4 4. Nxd4 Nf6 5. Nc3 a6 6. f4 g6 7. Nf3 Bg7 8. e5
Ng4 9. h3 Nh6 10. g4 O-O 11. Be3 dxe5 12. Nxe5 Nd7 13. Qd2 Nxe5 14. fxe5 Qxd2+
15. Bxd2 f6 16. exf6 exf6 17. O-O-O Nf7 18. Nd5 Rb8 19. Bc4 b5 20. Bf4 Rb7 21.
Bb3 Kh8 22. Rhe1 a5 23. a3 Ne5 24. Nxf6 Nxg4 25. Nxg4 Bxg4 26. hxg4 Rxf4 27. g5
Bf8 28. Rd5 a4 29. Ba2 b4 30. axb4 Rfxb4 31. Rd8 Rf4 32. c3 Rf2 33. Bd5 Ra7 34.
Ree8 Kg7 35. Ra8 Rxa8 36. Rxa8 Rf5 37. Ra7+ Kh8 38. c4 a3 39. bxa3 Rxg5 40. Kb2
h5 41. Rf7 Bc5 42. a4 h4 43. Rf4 Rh5 44. a5 h3 45. a6 Rh7 46. Kb3 g5 47. Rg4 Be3
48. Kb4 h2 49. Bh1 Rc7 50. Rg2 Bf4 51. c5 Kg7 52. Kb5 Be3 53. c6 Kf6 54. Rxh2
Ba7 55. Rh6+ Ke5 56. Rg6 Be3 57. Rg8 Kd6 58. Rd8+ Ke7 59. Rd1 Ba7 60. Rd5 g4 61.
Rg5 Kd6 62. Rg6+ Ke5 63. Rxg4 Rh7 64. Rg6 Rf7 65. Bg2 Rh7 66. Bf3 Re7 67. Bg4
Rc7 68. Bd7 Kd5 69. Rg5+ Kd6 70. Rg8 Ke7 71. Ra8 Bf2 72. Rb8 Kd6 73. Rb6 Bg1 74.
Rb8 Bf2 75. Rf8 Ba7 76. Rf6+ Kd5 77. Rf3 Kd6 78. Rf1 Ke7 79. Re1+ Kf7 80. Kc4
Bb6 81. Rb1 Ba7 82. Kd5 Be3 83. Rf1+ Kg7 84. Kd6 Ra7 85. c7 Rxa6+ 86. Bc6 1-0

[Event "TCh-RUS Women 2015"]
[Site "Sochi RUS"]
[Date "2015.05.03"]
[Round "3.5"]
[Board "2"]
[White "Alieva, Alexandra"]
[Black "Yakimenko, Viktoria"]
[Result "1-0"]
[WhiteElo "1994"]
[BlackElo "2092"]
[WhiteTeam "Academy GM IV Glek (Moscow)"]
[BlackTeam "Kuban (Krasnodar region)"]
[WhiteFideId "24133353"]
[BlackFideId "24174998"]
[EventDate "2015.05.01"]

1. e4 c5 2. c3 d5 3. exd5 Qxd5 4. d4 Nc6 5. Nf3 Bg4 6. Be2 e6 7. c4 Qh5 8. d5
O-O-O 9. O-O Nf6 10. h3 Bd6 11. Nbd2 Ne5 12. Re1 Bxf3 13. Nxf3 Kb8 14. b4 exd5
15. bxc5 Bc7 16. Nd4 Qg6 17. Qa4 a6 18. c6 Ne4 19. cxd5 Nc5 20. Qb4 b6 21. Bf4
Rxd5 22. Bc4 Qf6 23. Bxd5 Qxf4 24. g3 Qf6 25. Rab1 Ned3 26. Qd2 Qxd4 27. Bg2 Rd8
28. Re7 Qf6 29. Qe3 Rc8 30. Bf1 Qd6 31. Rd1 Rd8 32. Re8 Rxe8 33. Qxe8+ Bd8 34.
Bxd3 Nxd3 35. Qe3 Qxc6 36. Rxd3 Bc7 37. Rc3 Qd7 38. Qe2 Kb7 39. Qe4+ Kb8 40.
Qxh7 Qd1+ 41. Kh2 Qd4 42. Rc2 Kb7 43. Qf5 f6 44. Qf3+ Kb8 45. Qe2 Qa4 46. Rc4
Qd7 47. Rc1 f5 48. Rd1 Qf7 49. Qxa6 f4 50. Qe2 g5 51. Re1 Qf6 52. Qe8+ Kb7 53.
Qe4+ Kb8 54. Kg2 Qc3 55. Re2 fxg3 56. Qf3 Qxf3+ 57. Kxf3 gxf2 58. Rxf2 Bd6 59.
Kg4 Bc5 60. Rf7 Be3 61. Rg7 b5 62. Rxg5 Bxg5 63. Kxg5 Kc7 64. Kg6 Kd6 65. h4 1-0

[Event "TCh-RUS Women 2015"]
[Site "Sochi RUS"]
[Date "2015.05.03"]
[Round "3.5"]
[Board "3"]
[White "Yakimenko, Anastasia"]
[Black "Leolko, Ludmila"]
[Result "1/2-1/2"]
[WhiteElo "2080"]
[BlackElo "1902"]
[WhiteTeam "Kuban (Krasnodar region)"]
[BlackTeam "Academy GM IV Glek (Moscow)"]
[WhiteFideId "24174980"]
[BlackFideId "24179060"]
[EventDate "2015.05.01"]

1. e4 c5 2. Nf3 d6 3. d4 cxd4 4. Nxd4 Nf6 5. f3 e5 6. Nb3 Be6 7. c4 Nbd7 8. Be3
Nb6 9. N1d2 Rc8 10. Rc1 Be7 11. Be2 O-O 12. O-O Nfd7 13. Na5 Rc7 14. b4 Qc8 15.
Bd3 f5 16. exf5 Bxf5 17. Bxf5 Rxf5 18. Ne4 d5 19. cxd5 Rxc1 20. Qxc1 Qxc1 21.
Rxc1 Nxd5 22. Bxa7 b6 23. Nc6 Rf7 24. a3 Bf8 25. Rd1 Ne3 26. Rd3 Nc4 27. Rc3 Nd6
28. Nxd6 Bxd6 29. Nd8 Rf6 30. Nb7 Kf7 31. Rd3 Ke7 32. Rxd6 Rxd6 33. Nxd6 Kxd6
34. a4 Kc6 35. a5 bxa5 36. bxa5 Kb5 37. Bb6 Nxb6 38. axb6 Kxb6 39. Kf2 Kc5 40.
Ke3 Kd5 41. h4 g6 42. Kd3 Ke6 43. Ke4 Kf6 44. g3 Ke6 45. g4 h5 46. gxh5 gxh5 47.
f4 exf4 48. Kxf4 Kf6 1/2-1/2

[Event "TCh-RUS Women 2015"]
[Site "Sochi RUS"]
[Date "2015.05.03"]
[Round "3.5"]
[Board "4"]
[White "Komissarova, Oksana"]
[Black "Demchenko, Alisa"]
[Result "1-0"]
[WhiteElo "1975"]
[BlackElo "1705"]
[WhiteTeam "Academy GM IV Glek (Moscow)"]
[BlackTeam "Kuban (Krasnodar region)"]
[WhiteFideId "24160733"]
[BlackFideId "34100080"]
[EventDate "2015.05.01"]

1. e4 c6 2. d4 d5 3. exd5 cxd5 4. Bd3 Nc6 5. c3 Qc7 6. h3 Nf6 7. Nf3 g6 8. Qc2
Bg7 9. O-O O-O 10. Nbd2 Bd7 11. Nb3 b6 12. Be3 Rfc8 13. Rac1 e6 14. Rfe1 Bf8 15.
Bg5 Nh5 16. Qd2 Na5 17. Nxa5 bxa5 18. g4 Ng7 19. Ne5 a6 20. Kg2 Rcb8 21. Rb1 a4
22. Qf4 Bc6 23. Nxg6 Qxf4 24. Nxf4 Rb6 25. b3 Rab8 26. bxa4 Bxa4 27. Rxb6 Rxb6
28. Rb1 Rc6 29. Ne2 Ne8 30. Rb8 Rc7 31. Bxa6 Kg7 32. Bd3 Nd6 33. Bf4 Bd1 34.
Rxf8 Kxf8 35. Bxd6+ Re7 36. Bxe7+ Kxe7 37. Nf4 h6 38. Bb5 1-0

[Event "TCh-RUS Women 2015"]
[Site "Sochi RUS"]
[Date "2015.05.04"]
[Round "4.1"]
[Board "1"]
[White "Pustovoitova, Daria"]
[Black "Bodnaruk, Anastasia"]
[Result "0-1"]
[WhiteTitle "FM"]
[BlackTitle "IM"]
[WhiteElo "2339"]
[BlackElo "2382"]
[WhiteTeam "University (Belorechensk)"]
[BlackTeam "SDYUSSHOR Hilti (St. Petersburg)"]
[WhiteFideId "4182146"]
[BlackFideId "4181751"]
[EventDate "2015.05.01"]

1. d4 Nf6 2. c4 e6 3. Nf3 Bb4+ 4. Bd2 Qe7 5. Nc3 Bxc3 6. Bxc3 Ne4 7. Rc1 O-O 8.
g3 d6 9. Bg2 Nd7 10. O-O f5 11. Nd2 Nxc3 12. Rxc3 e5 13. dxe5 dxe5 14. Qb3 Nc5
15. Qa3 Re8 16. Rd1 e4 17. f3 Bd7 18. Nb3 Nxb3 19. Qxe7 Rxe7 20. Rxb3 Ba4 21.
Rd5 Bxb3 22. axb3 exf3 23. Bxf3 g6 24. Ra5 c6 25. b4 a6 26. Kf2 Rd8 27. b5 axb5
28. c5 Rd2 29. b4 Rb2 30. Ra7 Kf7 0-1

[Event "TCh-RUS Women 2015"]
[Site "Sochi RUS"]
[Date "2015.05.04"]
[Round "4.1"]
[Board "2"]
[White "Ovod, Evgenija"]
[Black "Nakhbayeva, Guliskhan"]
[Result "1/2-1/2"]
[WhiteTitle "IM"]
[BlackTitle "WGM"]
[WhiteElo "2325"]
[BlackElo "2329"]
[WhiteTeam "SDYUSSHOR Hilti (St. Petersburg)"]
[BlackTeam "University (Belorechensk)"]
[WhiteFideId "4131827"]
[BlackFideId "13704788"]
[EventDate "2015.05.01"]

1. d4 Nf6 2. Nf3 e6 3. g3 b6 4. Bg2 Bb7 5. O-O Be7 6. c4 O-O 7. Nc3 Ne4 8. Qc2
Nxc3 9. Qxc3 c5 10. dxc5 bxc5 11. Rd1 d6 12. Bf4 Qc7 13. Bg5 Nc6 14. Bxe7 Qxe7
15. Rd2 Rfd8 16. Rad1 Rab8 17. Qe3 h6 18. Qf4 e5 19. Qh4 Qc7 20. e3 a5 21. Qg4
a4 22. Nh4 Ne7 23. Bxb7 Rxb7 24. f4 Qc8 25. Qe2 exf4 26. exf4 Nf5 27. Nxf5 Qxf5
28. Rxd6 Rxd6 29. Rxd6 Qb1+ 30. Rd1 Qxb2 31. Qe8+ Kh7 32. Qe4+ g6 33. f5 Qb6 34.
Qe5 a3 35. fxg6+ fxg6 36. Rf1 Qb2 37. Qe6 Qxa2 38. Rf7+ Rxf7 39. Qxf7+ Kh8 40.
Qf8+ Kh7 41. Qf7+ Kh8 1/2-1/2

[Event "TCh-RUS Women 2015"]
[Site "Sochi RUS"]
[Date "2015.05.04"]
[Round "4.1"]
[Board "3"]
[White "Bronnikova, Elizaveta"]
[Black "Belenkaya, Dina"]
[Result "1/2-1/2"]
[WhiteTitle "WIM"]
[BlackTitle "WFM"]
[WhiteElo "2245"]
[BlackElo "2259"]
[WhiteTeam "University (Belorechensk)"]
[BlackTeam "SDYUSSHOR Hilti (St. Petersburg)"]
[WhiteFideId "4157087"]
[BlackFideId "24142654"]
[EventDate "2015.05.01"]

1. e4 c6 2. d4 d5 3. Nd2 dxe4 4. Nxe4 Bf5 5. Ng3 Bg6 6. Nf3 Nd7 7. h4 h6 8. h5
Bh7 9. Bd3 Bxd3 10. Qxd3 e6 11. Bd2 Ngf6 12. O-O-O Be7 13. Kb1 Rc8 14. Ne4 c5
15. g4 cxd4 16. Qxd4 Nc5 17. Nxf6+ Bxf6 18. Qb4 Qd5 19. Be3 Qxf3 20. Bxc5 Qc6
21. Bd6 Qxc2+ 22. Ka1 b6 23. f4 Qc4 24. Qa3 a5 25. Rhe1 Bh4 26. Rh1 Bf2 27. Be5
Bc5 28. Qf3 f6 29. Qb7 Be7 30. Bc3 Qc6 31. Qa6 O-O 32. Qe2 Rfd8 33. Rde1 Rd6 34.
Rhg1 Qc4 35. Qf2 Rd3 36. Qe2 Rd6 37. Qe3 Qc5 38. Qe4 Rcd8 39. a3 Qc6 40. Qg6 Qe8
41. Qe4 Qf7 42. Ref1 Rd5 43. Qe2 Bc5 44. Rg2 Qe7 45. g5 fxg5 46. fxg5 hxg5 47.
h6 Bd4 48. Bxd4 Rxd4 49. hxg7 R8d5 50. Qh5 Kxg7 51. Rfg1 Qf6 52. Rxg5+ Rxg5 53.
Rxg5+ Kf8 54. Ka2 Rd2 55. Rb5 Qd4 56. Qf3+ Ke7 57. Qb7+ Kf6 1/2-1/2

[Event "TCh-RUS Women 2015"]
[Site "Sochi RUS"]
[Date "2015.05.04"]
[Round "4.1"]
[Board "4"]
[White "Balaian, Alina"]
[Black "Baraeva, Marina"]
[Result "1-0"]
[WhiteTitle "WIM"]
[BlackTitle "WIM"]
[WhiteElo "2214"]
[BlackElo "2205"]
[WhiteTeam "SDYUSSHOR Hilti (St. Petersburg)"]
[BlackTeam "University (Belorechensk)"]
[WhiteFideId "24115347"]
[BlackFideId "24142573"]
[EventDate "2015.05.01"]

1. e4 d5 2. exd5 Qxd5 3. Nf3 Bg4 4. Be2 Nc6 5. O-O O-O-O 6. h3 Bxf3 7. Bxf3 Qd7
8. c3 e5 9. b4 f5 10. Re1 Bd6 11. d3 Nf6 12. Qa4 Kb8 13. b5 Ne7 14. Nd2 Ned5 15.
Qc4 Nf4 16. Nb3 Ne6 17. Rb1 Ka8 18. Be3 Qc8 19. Bxa7 Kxa7 20. Qa4+ Kb8 21. Na5
Bc5 22. Bxb7 Qxb7 23. Nxb7 Kxb7 24. Qa6+ Kb8 25. Qxe6 Rhe8 26. Qc6 Bb6 27. Rb3
Rd6 28. Qc4 Kc8 29. a4 e4 30. d4 f4 31. Qe2 e3 32. fxe3 Rxe3 33. Qd1 Rxc3 34.
Qb1 Bxd4+ 35. Kh2 Rxb3 36. Qxb3 g5 37. Re6 Rd7 38. Qf3 Nd5 39. Re4 Ne3 40. Re8+ 1-0

[Event "TCh-RUS Women 2015"]
[Site "Sochi RUS"]
[Date "2015.05.04"]
[Round "4.2"]
[Board "1"]
[White "Bivol, Alina"]
[Black "Gunina, Valentina"]
[Result "0-1"]
[WhiteTitle "WIM"]
[BlackTitle "GM"]
[WhiteElo "2350"]
[BlackElo "2528"]
[WhiteTeam "Boavista (Moscow)"]
[BlackTeam "SHSM-Our Heritage (Moscow)"]
[WhiteFideId "4100123"]
[BlackFideId "4167570"]
[EventDate "2015.05.01"]

1. e4 c6 2. Nc3 d5 3. Qe2 e6 4. g3 Nf6 5. e5 Nfd7 6. f4 b5 7. Bg2 Qa5 8. Nd1 Ba6
9. b3 c5 10. f5 Nc6 11. Bb2 b4 12. Qh5 g6 13. fxg6 O-O-O 14. gxf7 Qc7 15. Nf3 c4
16. Bh3 c3 17. dxc3 bxc3 18. Nxc3 d4 19. Ne4 Ncxe5 20. Bf1 Bb7 21. Bd3 Bb4+ 22.
Kd1 Rhf8 23. Nfg5 Nc5 24. Nxc5 Qxc5 25. Rf1 Nxf7 26. Rxf7 Rxf7 27. Qxf7 Qxg5 28.
Bc1 Qe5 29. Qf2 Bf3+ 30. Be2 d3 31. Bxf3 d2 0-1

[Event "TCh-RUS Women 2015"]
[Site "Sochi RUS"]
[Date "2015.05.04"]
[Round "4.2"]
[Board "2"]
[White "Girya, Olga"]
[Black "Vasilevich, Irina"]
[Result "1/2-1/2"]
[WhiteTitle "WGM"]
[BlackTitle "IM"]
[WhiteElo "2459"]
[BlackElo "2316"]
[WhiteTeam "SHSM-Our Heritage (Moscow)"]
[BlackTeam "Boavista (Moscow)"]
[WhiteFideId "4195752"]
[BlackFideId "4141296"]
[EventDate "2015.05.01"]

1. d4 e6 2. c4 Bb4+ 3. Bd2 a5 4. Nc3 d6 5. Qc2 Nf6 6. Nf3 Qe7 7. e3 e5 8. a3
Bxc3 9. Bxc3 Nbd7 10. Be2 O-O 11. O-O b6 12. b4 axb4 13. axb4 Bb7 14. dxe5 dxe5
15. Qb2 Rfe8 16. Rxa8 Bxa8 17. Ra1 Bc6 18. Nd2 Ne4 19. Nxe4 Bxe4 20. Ra7 Qg5 21.
Bf1 Nf8 22. h4 Qg4 23. Bxe5 Rd8 24. Ra1 Ng6 25. Bg3 Nxh4 26. Bxh4 Qxh4 27. Qe5
h5 28. Qxc7 Qf6 29. Rc1 h4 30. Qf4 Qb2 31. Qxh4 Rd6 32. Re1 Qxb4 33. f3 Rh6 34.
Qd8+ Kh7 35. Rd1 Qb3 36. Qd4 Bg6 37. Ra1 Rh5 38. Ra6 Qb1 39. Rxb6 Qe1 40. Ra6
Rh4 41. Ra1 Qg3 42. Qd8 Be4 43. Qd1 Qg5 44. Ra3 Qh5 45. Kf2 Rh2 46. Ke1 Rh1 47.
Kd2 Qc5 48. Rc3 Bf5 49. e4 Be6 50. Qe2 Qd4+ 51. Kc2 Bd7 52. Kb2 Ba4 53. Qd3 Qf2+
54. Ka3 Bc6 55. e5+ g6 56. Rc1 Qc5+ 57. Kb2 Qxe5+ 58. Qc3 Qb8+ 59. Qb3 Qe5+ 60.
Qc3 Qb8+ 61. Qb3 1/2-1/2

[Event "TCh-RUS Women 2015"]
[Site "Sochi RUS"]
[Date "2015.05.04"]
[Round "4.2"]
[Board "3"]
[White "Tomilova, Elena"]
[Black "Kovalevskaya, Ekaterina"]
[Result "1/2-1/2"]
[WhiteTitle "WIM"]
[BlackTitle "IM"]
[WhiteElo "2292"]
[BlackElo "2438"]
[WhiteTeam "Boavista (Moscow)"]
[BlackTeam "SHSM-Our Heritage (Moscow)"]
[WhiteFideId "4162340"]
[BlackFideId "4116704"]
[EventDate "2015.05.01"]

1. Nf3 Nf6 2. g3 d5 3. Bg2 g6 4. O-O Bg7 5. d4 O-O 6. c4 c6 7. b3 Be6 8. Nbd2
Ne4 9. Bb2 Nxd2 10. Qxd2 dxc4 11. Ng5 cxb3 12. Nxe6 fxe6 13. axb3 Na6 14. Bxc6
bxc6 15. Rxa6 e5 16. Rd1 Qc8 17. Ra4 Qf5 18. Rf1 exd4 19. Bxd4 Rfd8 20. Qe3 Bxd4
21. Rxd4 Rxd4 22. Qxd4 Qe6 23. Rc1 Qxe2 24. Rxc6 Rf8 25. b4 a6 26. Rc5 Qe6 27.
h4 Qf6 28. Qe3 Rb8 29. Re5 Rxb4 30. Rxe7 Rb1+ 31. Kh2 Rb2 32. Kg1 Rb1+ 33. Kh2
Rb2 34. Kg1 Rb1+ 35. Kh2 1/2-1/2

[Event "TCh-RUS Women 2015"]
[Site "Sochi RUS"]
[Date "2015.05.04"]
[Round "4.2"]
[Board "4"]
[White "Kashlinskaya, Alina"]
[Black "Drozdova, Dina"]
[Result "0-1"]
[WhiteTitle "IM"]
[BlackTitle "WIM"]
[WhiteElo "2436"]
[BlackElo "2211"]
[WhiteTeam "SHSM-Our Heritage (Moscow)"]
[BlackTeam "Boavista (Moscow)"]
[WhiteFideId "4198026"]
[BlackFideId "4170695"]
[EventDate "2015.05.01"]

1. d4 e6 2. c4 c5 3. d5 exd5 4. cxd5 d6 5. Nc3 a6 6. a4 g6 7. Nf3 Bg7 8. h3 Ne7
9. e4 O-O 10. Be2 h6 11. O-O g5 12. Nd2 Nd7 13. Nc4 Ne5 14. Nxe5 Bxe5 15. h4 Ng6
16. hxg5 hxg5 17. Bg4 Kg7 18. Bf5 Rh8 19. g3 Bf6 20. Kg2 Rh7 21. Rh1 Rxh1 22.
Qxh1 Qe7 23. Bd2 Bd7 24. Bxd7 Qxd7 25. Qh3 Qxh3+ 26. Kxh3 Ne5 27. Bxg5 Bxg5 28.
f4 Rh8+ 29. Kg2 Ng4 30. fxg5 Rh2+ 31. Kf3 Ne5+ 32. Kf4 Rxb2 33. Nd1 Rd2 34. a5
c4 35. Rb1 c3 36. Nxc3 Rd3 0-1

[Event "TCh-RUS Women 2015"]
[Site "Sochi RUS"]
[Date "2015.05.04"]
[Round "4.3"]
[Board "1"]
[White "Utiatskaja, Irina"]
[Black "Ushenina, Anna"]
[Result "0-1"]
[WhiteTitle "WFM"]
[BlackTitle "GM"]
[WhiteElo "2114"]
[BlackElo "2486"]
[WhiteTeam "Academy GM IV Glek (Moscow)"]
[BlackTeam "Yugra (Khanty)"]
[WhiteFideId "24140848"]
[BlackFideId "14110911"]
[EventDate "2015.05.01"]

1. e4 c5 2. Nf3 d6 3. d4 cxd4 4. Nxd4 Nf6 5. f3 Nc6 6. Nc3 e6 7. Be3 Be7 8. Qd2
O-O 9. g4 a6 10. O-O-O Qc7 11. g5 Nd7 12. h4 b5 13. g6 Nde5 14. gxh7+ Kxh7 15.
f4 Nxd4 16. Bxd4 Nf3 17. Qe2 Nxd4 18. Rxd4 Qc5 19. Rd2 Bb7 20. Bh3 Rh8 21. f5 e5
22. Nd5 Bxd5 23. Rxd5 Qb6 24. Rhd1 Rad8 25. f6 Bxf6 26. h5 Kg8 27. Kb1 Rh6 28.
Bg4 Be7 29. Qd2 Rb8 30. Qe2 Rb7 31. Qd3 Rc7 32. c3 Qf2 33. Qd2 Qxd2 34. R1xd2
Rc4 35. Bf3 Rf6 36. Bg2 g5 37. hxg6 fxg6 38. Kc2 Rf4 39. Re2 g5 40. b3 Rc7 41.
a4 bxa4 42. bxa4 g4 43. Rd1 Kg7 44. Ra1 a5 45. Kd3 Kg6 46. Rb2 Kg5 47. Rh1 Bf8
48. Ra2 Rcf7 49. Ke3 Bh6 50. Rg1 Kg6 51. Kd3 Rf2 52. Re2 Rxe2 53. Kxe2 Bf4 54.
Bf3 g3 55. Rb1 Rh7 56. Bg2 Kg5 57. Rb5 Kg4 58. Rxa5 Rh2 59. Kf1 Bd2 60. Rd5 Bxc3
61. Rxd6 Rh8 62. Rd3 Rc8 63. Ke2 Rc4 64. Kf1 Bd4 65. Rd2 Rxa4 66. Ke2 Kf4 67.
Rd3 Be3 68. Bh3 Ra2+ 69. Kf1 Kxe4 70. Rd1 Rf2+ 0-1

[Event "TCh-RUS Women 2015"]
[Site "Sochi RUS"]
[Date "2015.05.04"]
[Round "4.3"]
[Board "2"]
[White "Pogonina, Natalija"]
[Black "Alieva, Alexandra"]
[Result "1-0"]
[WhiteTitle "WGM"]
[WhiteElo "2456"]
[BlackElo "1994"]
[WhiteTeam "Yugra (Khanty)"]
[BlackTeam "Academy GM IV Glek (Moscow)"]
[WhiteFideId "4147855"]
[BlackFideId "24133353"]
[EventDate "2015.05.01"]

1. d4 d5 2. c4 e6 3. Nf3 Nf6 4. g3 dxc4 5. Bg2 Bb4+ 6. Bd2 a5 7. O-O O-O 8. e3
b5 9. Ne5 Ra6 10. a4 c6 11. Nc3 Qb6 12. g4 Nfd7 13. f4 f6 14. Nf3 f5 15. g5 Be7
16. Qe2 b4 17. Nd1 c5 18. Qxc4 Bb7 19. Nf2 Bd5 20. Qe2 Qb7 21. Nd3 Nc6 22. dxc5
Nxc5 23. Nxc5 Bxc5 24. Rac1 Bb6 25. h4 Raa8 26. h5 Rad8 27. g6 h6 28. Rf2 Qa7
29. Kh2 Be4 30. Qc4 Bxe3 31. Qxe6+ Kh8 32. Bxe3 Qxe3 33. Rcf1 Qxf4+ 34. Kg1 Bd5
35. Qe1 Rfe8 36. Qc1 Qg4 37. Nh2 Qg3 38. Qf4 Qxf4 39. Rxf4 Bxg2 40. Kxg2 Rd2+
41. R1f2 Ree2 42. Rxe2 Rxe2+ 43. Kg1 Ne7 44. Rd4 Rxb2 45. Rd8+ Ng8 46. Nf3 Re2
47. Kf1 Re7 48. Nd4 Rb7 49. Nb3 Ra7 50. Rb8 Ra6 51. Kf2 Rc6 52. Nxa5 Ra6 53. Nc4
Re6 54. Nd2 f4 55. a5 f3 56. Nxf3 b3 57. a6 b2 58. a7 Re8 59. Ne5 Rxe5 60. Rxg8+ 1-0

[Event "TCh-RUS Women 2015"]
[Site "Sochi RUS"]
[Date "2015.05.04"]
[Round "4.3"]
[Board "3"]
[White "Leolko, Ludmila"]
[Black "Mkrtchian, Lilit"]
[Result "0-1"]
[BlackTitle "IM"]
[WhiteElo "1902"]
[BlackElo "2443"]
[WhiteTeam "Academy GM IV Glek (Moscow)"]
[BlackTeam "Yugra (Khanty)"]
[WhiteFideId "24179060"]
[BlackFideId "13300601"]
[EventDate "2015.05.01"]

1. e4 c5 2. Nf3 e6 3. d4 cxd4 4. Nxd4 Nc6 5. c4 Nf6 6. Nc3 Bb4 7. Nxc6 bxc6 8.
Qd3 d6 9. Be2 e5 10. Bd2 Bc5 11. O-O Bd4 12. Rac1 O-O 13. b4 Be6 14. a3 Nd7 15.
Be3 c5 16. Nb5 Qb6 17. Bxd4 cxd4 18. f4 f6 19. a4 a6 20. a5 Qb8 21. f5 Bf7 22.
Rfd1 Rc8 23. Qd2 axb5 24. cxb5 Qb7 25. b6 Nxb6 26. axb6 Qxb6 27. Bd3 d5 28.
Rxc8+ Rxc8 29. Rc1 Rxc1+ 30. Qxc1 Qxb4 31. Qc8+ Qf8 32. Qd7 Qa8 0-1

[Event "TCh-RUS Women 2015"]
[Site "Sochi RUS"]
[Date "2015.05.04"]
[Round "4.3"]
[Board "4"]
[White "Kovanova, Baira"]
[Black "Komissarova, Oksana"]
[Result "1-0"]
[WhiteTitle "WGM"]
[WhiteElo "2381"]
[BlackElo "1975"]
[WhiteTeam "Yugra (Khanty)"]
[BlackTeam "Academy GM IV Glek (Moscow)"]
[WhiteFideId "4164083"]
[BlackFideId "24160733"]
[EventDate "2015.05.01"]

1. d4 Nf6 2. Nf3 g6 3. c4 Bg7 4. g3 O-O 5. Bg2 d5 6. cxd5 Nxd5 7. O-O Nc6 8. e4
Nb6 9. d5 Nb8 10. Nc3 c6 11. Re1 e6 12. Bg5 f6 13. Be3 exd5 14. exd5 Nxd5 15.
Bc5 Nxc3 16. bxc3 Re8 17. Qb3+ Kh8 18. Qf7 Rxe1+ 19. Rxe1 Bd7 20. Re7 Qg8 21.
Rxd7 Nxd7 22. Qxd7 b6 23. Be3 Qe8 24. Qd2 Rd8 25. Qc2 c5 26. c4 f5 27. h4 Qd7
28. Nd2 Qd3 29. Qa4 Bc3 30. Nf1 Qd7 31. Bc6 Qf7 32. Bd5 Qd7 33. Qb3 Bg7 34. a4
Qc7 35. Nd2 Be5 36. Nf3 Bg7 37. Ng5 Rd7 38. Bf4 Be5 39. Bxe5+ Qxe5 40. Nf7+ Rxf7
41. Bxf7 Qe1+ 42. Kg2 Qe4+ 43. Qf3 1-0

[Event "TCh-RUS Women 2015"]
[Site "Sochi RUS"]
[Date "2015.05.04"]
[Round "4.4"]
[Board "1"]
[White "Ambartsumova, Karina"]
[Black "Iljushina, Olga"]
[Result "1/2-1/2"]
[WhiteTitle "WGM"]
[BlackTitle "WGM"]
[WhiteElo "2346"]
[BlackElo "2300"]
[WhiteTeam "Rook (Kazan)"]
[BlackTeam "Grozny (Chechnya)"]
[WhiteFideId "4166299"]
[BlackFideId "4152280"]
[EventDate "2015.05.01"]

1. e4 c5 2. Nf3 Nc6 3. d4 cxd4 4. Nxd4 Nf6 5. Nc3 d6 6. Bg5 Qb6 7. Nb3 a6 8. Qe2
Bd7 9. O-O-O e6 10. g4 h6 11. Be3 Qc7 12. f4 b5 13. Bg2 b4 14. Na4 Rb8 15. g5
hxg5 16. fxg5 Ne5 17. gxf6 Bxa4 18. Qxa6 Bb5 19. Qa7 Qxa7 20. Bxa7 Ra8 21. Bd4
Rxa2 22. Bxe5 dxe5 23. fxg7 Bxg7 24. Rd6 Ra6 25. Rxa6 Bxa6 26. Nc5 Bb5 27. Nd3
b3 28. Nc5 Bh6+ 29. Kb1 bxc2+ 30. Kxc2 Ke7 31. b4 Be3 32. h4 Rd8 33. Bf1 Rd2+
34. Kb3 Rd1 35. Bg2 Rxh1 36. Bxh1 Be2 37. Ka4 Bf2 38. Ka5 Bxh4 39. Kb6 Bf2 40.
Kc6 f5 41. exf5 exf5 42. b5 Bxc5 43. Kxc5 e4 44. Kd4 Bd3 45. Bg2 Kd6 46. b6 Kc6
47. Bh3 f4 48. Bg2 f3 49. Bxf3 1/2-1/2

[Event "TCh-RUS Women 2015"]
[Site "Sochi RUS"]
[Date "2015.05.04"]
[Round "4.4"]
[Board "2"]
[White "Dordzhieva, Dinara"]
[Black "Shaydullina, Sandugach"]
[Result "1-0"]
[WhiteTitle "WIM"]
[BlackTitle "WGM"]
[WhiteElo "2272"]
[BlackElo "2103"]
[WhiteTeam "Grozny (Chechnya)"]
[BlackTeam "Rook (Kazan)"]
[WhiteFideId "24157570"]
[BlackFideId "4140389"]
[EventDate "2015.05.01"]

1. Nf3 d5 2. c4 e6 3. b3 Be7 4. Bb2 Bf6 5. Nc3 Ne7 6. g3 O-O 7. Bg2 a5 8. O-O g6
9. d4 c5 10. dxc5 Na6 11. Qc2 Nb4 12. Qc1 Bd7 13. cxd5 exd5 14. a3 Na6 15. b4
Qb8 16. Rd1 Be6 17. Na4 Bxb2 18. Qxb2 Qe8 19. b5 Nc7 20. Nb6 Ra7 21. a4 Na8 22.
Nxa8 Rxa8 23. Nd4 Rc8 24. Rac1 h5 25. h4 Kh7 26. Qd2 Ra8 27. Nb3 Qd8 28. Qf4 Qc8
29. Nd4 Qe8 30. Qe5 Qc8 31. Qf6 Ng8 32. Qf4 Ne7 33. e4 Bg4 34. Rd2 Bh3 35. Bh1
Be6 36. Qd6 Re8 37. exd5 Nf5 38. Nxf5 Bxf5 39. Qf6 Kg8 40. c6 bxc6 41. bxc6 Ra7
42. d6 Rf8 43. Rcd1 Qa6 44. d7 Bxd7 45. Rxd7 Rxd7 46. Rxd7 Qc8 47. Bd5 Qe8 48.
Rxf7 1-0

[Event "TCh-RUS Women 2015"]
[Site "Sochi RUS"]
[Date "2015.05.04"]
[Round "4.4"]
[Board "3"]
[White "Khazieva, Elza"]
[Black "Lingur, Zalina"]
[Result "0-1"]
[WhiteTitle "WFM"]
[BlackTitle "WFM"]
[WhiteElo "2074"]
[BlackElo "2126"]
[WhiteTeam "Rook (Kazan)"]
[BlackTeam "Grozny (Chechnya)"]
[WhiteFideId "4100166"]
[BlackFideId "34165670"]
[EventDate "2015.05.01"]

1. e4 c5 2. Nf3 d6 3. d4 cxd4 4. Qxd4 e5 5. Bb5+ Nd7 6. Qe3 Nf6 7. O-O Be7 8.
Nc3 O-O 9. Rd1 Qc7 10. Ba4 a6 11. Bb3 Nb6 12. Qe2 h6 13. h3 Be6 14. Be3 Rac8 15.
Rac1 Nc4 16. Bxc4 Bxc4 17. Qe1 Qc6 18. Nd2 Be6 19. Nb3 b6 20. f3 d5 21. exd5
Nxd5 22. Nxd5 Bxd5 23. Qg3 Rfd8 24. c4 Be6 25. Rxd8+ Rxd8 26. Bxh6 Bf8 27. Bg5
Rd3 28. Re1 Qxc4 29. Bf6 e4 30. Nc1 Rd2 31. fxe4 Qc2 32. Nb3 Rd1 33. Rxd1 Qxd1+
34. Kh2 Bxb3 35. axb3 b5 36. e5 Qe2 37. Bd8 Qxb2 38. Qe3 Qc2 39. Bb6 Be7 40. Qf3
Qb2 41. Qa8+ Kh7 42. Qd5 Bg5 43. Qe4+ g6 44. Be3 Qe2 45. e6 Bxe3 46. exf7 Kg7
47. Qe8 Bf4+ 48. Kg1 Qe3+ 49. Kf1 Qd3+ 50. Kg1 Be3+ 51. Kh2 Qd6+ 52. Kh1 Qd1+
53. Kh2 Qg1+ 54. Kg3 Qf2+ 0-1